Géographie du monde sur une carte par lettre - A - Statistiques

Statistiques générales
  • Ce quiz a été pris 353 fois
  • Le résultat moyen est 17 sur 25
Réponses sur la Carte
Les réponses sont colorées sur une échelle allant du rouge au vert en fonction du pourcentage des utilisateurs qui les ont devinées à leur premier essai. Vous pouvez retrouver ces pourcentages ci-dessous.
 
Statistiques - réponses
Type de quiz Réponse % Correct
Pays Argentine
98%
Pays Australie
98%
Montagnes Alpes
93%
Régions Alaska
92%
Pays Angola
92%
Pays Afghanistan
88%
Villes Amsterdam
88%
Villes Athènes
85%
Fleuves Amazone
84%
Pays Arménie
84%
Régions Andalousie
79%
Étendues d'eau Mer {Adriatique}
69%
Montagnes Atlas
68%
Archipels Açores
65%
Villes Auckland
65%
Villes Abidjan
62%
Villes Austin
62%
Montagnes Appalaches
57%
Fleuves Amour
48%
Régions Anatolie
48%
Étendues d'eau Mer d'{Aral}
43%
Étendues d'eau Golfe d'{Aden}
34%
Sommet Aconcagua
32%
Étendues d'eau Mer d'{Azov}
31%
Archipels Andaman
22%
Aucun quiz correspondant
Distribution des résultats
% des personnes avec chaque résultat
Percentile par nombre de réponses
Votre historique - résultats
Vous n’avez pas pris ce quiz